000 00379 a2200157 4500
001 61137
020 _a9783190079216
040 _cAnchieta - Pituba
100 _aSpecht, Gisela
240 1 0 _aBildwörterbuch deutsch
_lpor
245 1 0 _aBildwörterbuch deutsch
300 _a172
362 0 _a2010
650 4 _aLínguas germânicas (teutônicas) língua alemã
942 _cBK
999 _c61137
_d61137